000 00609nam a2200217Ia 4500
003 OSt
005 20220928144958.0
006 a|||||r|||| 00| 0
007 ta
008 220927b |||||||| |||| 00| 0 eng d
024 _a77723
037 _cTextual
040 _aSDCL
_cSDCL
_beng
041 _2eng
_aeng
082 _aV3y7G94, MO
100 _aDenton Jaffrey H
_9510855
245 0 _aRobert Winchelsey and the crown 1294- 1313
_b A study in the defence of ecclesiastical liberty.
260 _c1980
942 _hV3y7G94, MO
_cTEXL
_2CC
999 _c831049
_d831049